Представление документа в формате MARC21

Поле Инд. ПП Название Значение
Тип записи a
Библиографический уровень m
001 Контрольный номер 93dad064-7f02-4766-8a78-23fe27a5af00
005 Дата корректировки 20260618093133.8
008 Кодируемые данные 000315 d
020 a ISBN 5-86708-113-3
040 a Служба первич. каталог. НБ ТвГУ
041 0_ a Код языка текста rus
080 a Индекс УДК 316.356.2
084 a Индекс другой классификации/Индекс ББК С550.53
090 c Каталожный индекс С550.53
x Авторский знак Г61
a Полочн. индекс С550.5
100 1_ a Автор Голод Сергей Исаевич
245 0_ a Заглавие Семья и брак: историко-социологический анализ
c Ответственность С.И. Голод
260 0_ a Место издания СПб.
b Издательство ТОО ТК "Петрополис"
c Дата издания 1998
300 a Объем 270,[1] с.
b Иллюстрации/ тип воспроизводства ил.
504 a Библиография Библиогр.: с.242-260. - Имен., предм. указ.: с.261-269.
650 04 a Основная рубрика Семья
x Основная подрубрика История
x Основная подрубрика Социология
650 04 a Основная рубрика Брак
653 0_ a Ключевые слова Семья
a Ключевые слова Брак
a Ключевые слова Социология семьи
a Ключевые слова Социология брака
a Ключевые слова История семьи
a Ключевые слова История брака
852 41 i Расстановочный признак Проверка 2026
920 a Оператор Поля
952 c Вид литературы К ру
954 a Дата поступления на обработку 19990316